La Isla de Pascua: Estudio de los Títulos de Dominio, de los derechos y de los Contratos de Don Enrique Merlet y de la Compañía Explotadora de la Isla de Pascua
Guardat en:
| Autor principal: | |
|---|---|
| Autor corporatiu: | |
| Format: | Llibre |
| Idioma: | francès espanyol |
| Publicat: |
Valparaíso
Sociedad Imprenta y Litografía Universo
1916
|
| Edició: | 1a. ed |
| Matèries: | |
| Etiquetes: |
Afegir etiqueta
Sense etiquetes, Sigues el primer a etiquetar aquest registre!
|
MARC
| LEADER | 00000nam a2200000 a 4500 | ||
|---|---|---|---|
| 001 | UCJ3424 | ||
| 003 | CL-VaPUC | ||
| 008 | 070124e19160000CL |||||||||||||||||fre|d | ||
| 041 | 0 | 7 | |a fre |2 CL-VaPUC |
| 041 | 0 | 7 | |a spa |2 CL-VaPUC |
| 082 | 0 | 4 | |a 918.3 |b ROC |2 21 |
| 100 | 0 | |a Rocuant, Enrique |e author |9 505251 | |
| 110 | 2 | |a Compañía Explotadora de la Isla de Pascua |e author |9 505252 | |
| 245 | 1 | 3 | |a La Isla de Pascua: Estudio de los Títulos de Dominio, de los derechos y de los Contratos de Don Enrique Merlet y de la Compañía Explotadora de la Isla de Pascua |
| 250 | |a 1a. ed | ||
| 300 | |a 96 p | ||
| 942 | |c BK | ||
| 945 | |d 20070124 00:00:00 |a rinostro | ||
| 260 | |a Valparaíso |b Sociedad Imprenta y Litografía Universo |c 1916 | ||
| 500 | |a Ilustraciones y anexos documentales | ||
| 600 | 0 | 7 | |a ROCUANT, ENRIQUE |2 CL-VaPUC |9 505253 |
| 600 | 0 | 7 | |a BRANDER, JOHN |2 CL-VaPUC |9 505254 |
| 600 | 0 | 7 | |a GREEN, FRANK F |2 CL-VaPUC |9 505255 |
| 600 | 0 | 7 | |a DILLINGER, JOSEPH |2 CL-VaPUC |9 505256 |
| 650 | 0 | |a Antropología cultural y social |9 265143 | |
| 650 | 0 | |a Aspectos económicos |9 255165 | |
| 650 | 0 | |a Recursos naturales |9 255232 | |
| 650 | 7 | |a ISLAS CHILENAS |2 CL-VaPUC |9 505257 | |
| 651 | 0 | |a Isla de Pascua |9 261357 | |
| 583 | |a last modification |c 20070124 00:00:00 |k Rodrigo Vera | ||
| 999 | |c 319546 |d 319544 | ||
| 952 | |0 0 |1 0 |4 0 |6 918_300000000000000_ROC_1916 |7 0 |8 X |9 397888 |a FDOBUD |b FDOBUD |d 2019-11-22 |i 1003674 |o 918.3 ROC 1916 |p 1003674 |r 2019-11-22 |w 2019-11-22 |y BK_X |k BUD | ||